| 000 | 00488nam a2200157 4500 | ||
|---|---|---|---|
| 001 | 131738 | ||
| 003 | ES-MaACL | ||
| 005 | 20230906194034.0 | ||
| 007 | t| | ||
| 008 | 070214s1965 sp r ||||1| spa d | ||
| 100 | 1 |
_aRodríguez Lorente, J. J. _998621 |
|
| 245 | 1 | 0 |
_aCatálogo de los reales de a dos españoles / _cJ. J. Rodríguez Lorente. |
| 260 |
_aMadrid : _b[s. n.], _c1965 ( _fTall. Gráf. Altamira) |
||
| 300 |
_a217 p. : _bil. ; _c28 cm. |
||
| 852 |
_aES-MaACL _jC-27529 _bR.56644 |
||
| 999 |
_c131738 _d131738 |
||